Teorie řízení
Salvato in:
| Autore principale: | |
|---|---|
| Ente Autore: | |
| Altri autori: | |
| Natura: | Libro |
| Lingua: | ceco |
| Pubblicazione: |
Praha
Státní nakladatelství technické literatury
1986
|
| Edizione: | 1. vyd. |
| Tags: |
Nessun Tag, puoi essere il primo ad aggiungerne!!
|
MARC
| LEADER | 00000nam a2200000 4500 | ||
|---|---|---|---|
| 001 | c036631 | ||
| 005 | 20221220073038.2 | ||
| 041 | 0 | |a cze | |
| 044 | |a CZ | ||
| 245 | 1 | 0 | |a Teorie řízení |c Zdeněk Švábenský, Jan Vorlíček |
| 250 | |a 1. vyd. | ||
| 264 | 1 | |a Praha |b Státní nakladatelství technické literatury |c 1986 | |
| 300 | |a 222 s. | ||
| 100 | 1 | |a Švábenský, Zdeněk | |
| 700 | 1 | |a Vorlíček, Jan | |
| 710 | 2 | |a Vysoké učení technické v Brně | |